000 00803nam a2200253Ia 4500
008 191130s2001##################000#0#eng##
020 _a9780406555113
022 _a2005274158
040 _aACL
_cACL
082 _a3442085 WHI
100 _aWhitty, Noel
245 _aCivil liberties law : the human rights act era
_cNoel Whitty, Thérèse Murphy, Stephen Livingstone
260 _aOxford
_bOxford University Press
_cc2001
300 _axxxii, 499 p. ; 24 cm
500 _aIncludes bibliographical references (p. 435-447) and index
650 _aCivil rights - England
650 _aCivil rights - Wales
650 _aHuman rights
700 _aLivingstone, Stephen
700 _aMurphy, Thérèse
990 _ad8c9bc02ac10000c479e47e123c0fdd2
991 _a240296
999 _c129971
_d129971